000 00311nam a22001337a 4500
008 170418b xxu||||| |||| 00| 0 eng d
020 _a9780077213411
041 _aeng
080 _a579
100 _a11
101 _aSHM
245 _aPERSCOTTS PRINCIPLES OF MICROBIOLOGY
_cWILLEY.J.M
942 _2udc
_cBK
999 _c11002
_d11002